Human Resource Management (an Indian Evidence from MBPL)/ (Record no. 176499)

MARC details
000 -LEADER
fixed length control field 00602nam a22001817a 4500
005 - DATE AND TIME OF LATEST TRANSACTION
control field 20210104150002.0
010 ## - LCCN (DPL NO)
LC control number ENG-128727
020 ## - INTERNATIONAL STANDARD BOOK NUMBER
International Standard Book Number 81-85277-64-8
Terms of availability 300.00
035 ## - SYSTEM CONTROL NUMBER
System control number EN-112259
037 ## - SOURCE OF ACQUISITION
Source of stock number/acquisition DBAD/PUB
082 ## - DEWEY DECIMAL CLASSIFICATION NUMBER
Classification number 658.3
100 ## - MAIN ENTRY--PERSONAL NAME
Personal name Vyas, Vijay Mohan
245 ## - TITLE STATEMENT
Title Human Resource Management (an Indian Evidence from MBPL)/
Remainder of title Vijay Mohan Vyas
260 ## - PUBLICATION, DISTRIBUTION, ETC. (IMPRINT)
Place of publication, distribution, etc Bikaner
Name of publisher, distributor, etc Richa (India) Publishers
Date of publication, distribution, etc 2012
270 ## - ADDRESS
City Bikaner
Address Bisson Ka Chowk
300 ## - PHYSICAL DESCRIPTION
Extent 224p.
Dimensions 22cm(hbk)
Other physical details Including Tables, Illustrations and Bibliographical References.
942 ## - ADDED ENTRY ELEMENTS (KOHA)
Source of classification or shelving scheme Dewey Decimal Classification
Item type English Books
Classification part 658.3
Call number suffix VYA
Holdings
Withdrawn status Lost status Not for loan Collection code Home library Current library Date acquired Source of acquisition Cost, normal purchase price Full call number Barcode Copy number Cost, replacement price Koha item type
      Non-fiction Central Library Central Library 04/01/2021 DBAD/PUB 300.00 658.3 VYA EN-112259 1 300.00 English Books

© Delhi Public Library
Hit Counter
free hit counter